Missing Word: 'Touch' Songs Quiz Stats

 Plays Quiz Updated Aug 15, 2017

Support Sporcle.
Go Orange.
Score 0/14 Timer 03:00
0 Plays Today
Song Title Missing Word % Correct
The Way I Want To Touch ____You
93.1%
Touch ____ In The MorningMe
92.8%
U Can't Touch ____This
90.5%
A Touch Too ____Much
70%
Touch My ____Body
64%
____ Of TouchOut
61.5%
(You've Got) The ____ TouchMagic
47.4%
Song Title Missing Word % Correct
____ TouchInvisible
44.9%
____ Don't TouchPlease
44.4%
____ TouchHuman
33.7%
Touch The ____Sky
33.5%
The ____ TouchBad
29.1%
I ____ The TouchHave
28.2%
____ We TouchEverytime
23.9%

Today's Daily Dose

From the Vault

Find That Movie! V

by AdamL

Movies 8m
Where did those movies get off to this time?
Remove Ads.
Support Sporcle.
Get the best of Sporcle when you Go Orange. This ad-free experience offers more features, more stats, and more fun while also helping to support Sporcle. Thank you for becoming a member.

Show Comments

Extras

Top Quizzes Today


Score Distribution

Your Account Isn't Verified!

In order to create a playlist on Sporcle, you need to verify the email address you used during registration. Go to your Sporcle Settings to finish the process.

Report this User

Report this user for behavior that violates our Community Guidelines.

Details: